Вопросы всеобщего обучения. Вып.3(6) (Запись № 13479345)

Подробности
000 -МАРКЕР
контрольное поле 01251nam2a22002651 4500
001 - ИДЕНТИФИКАТОР ЗАПИСИ
контрольное поле RU\NLR\A1SV\31243
005 - ИДЕНТИФИКАТОР ВЕРСИИ
контрольное поле 20251203152403.2
035 ## - ДРУГИЕ СИСТЕМНЫЕ НОМЕРА
Идентификатор записи (NLR Aleph) 009715141
100 ## - ДАННЫЕ ОБЩЕЙ ОБРАБОТКИ
Данные общей обработки 20000406d1927 u y0rusy50 ca
101 0# - ЯЗЫК РЕСУРСА
Язык текста, звукозаписи и т.д. русский
200 0# - ЗАГЛАВИЕ И СВЕДЕНИЯ ОБ ОТВЕТСТВЕННОСТИ
Основное заглавие Вып.3(6)
Первые сведения об ответственности Под ред. Г.Г.Мансурова и М.С.Эпштейна
Последующие сведения об ответственности Нар. ком. прос. РСФСР
210 ## - ПУБЛИКАЦИЯ, РАСПРОСТРАНЕНИЕ И ДР.
Место издания, распространения и т.д. М.
-- Л.
Имя издателя, распространителя и т. д. Гос. изд-во.
Дата издания, распространения и т.д. 1927
215 ## - ФИЗИЧЕСКАЯ ХАРАКТЕРИСТИКА
Специфическое обозначение материала и объем 204 с., 1 л. ил.
300 ## - ОБЩИЕ ПРИМЕЧАНИЯ
Текст примечания На обл. загл.: Вопросы всеобщего обучения (среди нацмен)
461 #1 - УРОВЕНЬ НАБОРА
Встроенное поле 001RU\NLR\A1SV\31240
-- 2000#$vВып.3(6)
Системный номер (АБИС) связанной записи 9851782
Место публикации М.
Дата публикации 1926-1929
Первые сведения об ответственности Нар. ком. прос. РСФСР. Главсоцвос
Имя издателя, распространителя и т.д. Отд. всеобщ. обучения
Заглавие Вопросы всеобщего обучения
Номер тома Вып.3(6)
512 1# - ЗАГЛАВИЕ ОБЛОЖКИ
Заглавие обложки Вопросы всеобщего обучения (среди нацмен)
620 ## - МЕСТО И ДАТА ПУБЛИКАЦИИ, ИСПОЛНЕНИЯ И Т. Д.
Город Санкт-Петербург
702 #1 - ИМЯ ЛИЦА - ВТОРИЧНАЯ ОТВЕТСТВЕННОСТЬ
Начальный элемент ввода Эпштейн
Часть имени, кроме начального элемента ввода М.С.
Даты 1890-1938
Расширение инициалов личного имени Моисей Соломонович
702 #1 - ИМЯ ЛИЦА - ВТОРИЧНАЯ ОТВЕТСТВЕННОСТЬ
Начальный элемент ввода Мансуров
Часть имени, кроме начального элемента ввода Г.Г.
Даты 1894-1955
Расширение инициалов личного имени Гасым Гатинович
Код отношения Автор
801 #0 - ИСТОЧНИК ЗАПИСИ
Страна российская федерация
Организация NLR
Дата составления 20000406
942 ## - ДОПОЛНИТЕЛЬНЫЕ ЭЛЕМЕНТЫ ЗАПИСИ (АБИС)
Тип экземпляра АБИС Книга
980 ## - КОЛЛЕКЦИЯ
Название коллекции Международный сводный каталог русской книги (1918-1926)
980 ## - КОЛЛЕКЦИЯ
Название коллекции Национальная библиография

Нет доступных экземпляров.